| 000 | 00617nam a2200217Ia 4500 | ||
|---|---|---|---|
| 003 | OSt | ||
| 005 | 20230518112955.0 | ||
| 008 | 210423s2013 xx 000 0 und d | ||
| 020 | _a978-93-81226-54-4 | ||
| 040 | _cAL | ||
| 041 | _aeng | ||
| 082 |
_a636.2142 ACHD _223 |
||
| 100 |
_aACHARYA (R M);KUMAR (Puneet). _9108025 |
||
| 245 | _aDairy production and business management. | ||
| 260 |
_aNew Delhi _bSatish Serial Publishing House _c2013 |
||
| 300 |
_axiii,239 _bPB |
||
| 365 |
_b950 _cINR |
||
| 650 |
_aAnimal Husbandry _9108026 |
||
| 906 | _abusiness ; Dairy ; management. ; production | ||
| 942 |
_2ddc _cBK |
||
| 999 |
_c165056 _d165056 |
||